| 000 | 00689nam a22001937a 4500 | ||
|---|---|---|---|
| 003 | BD-DhUL | ||
| 005 | 20170809153537.0 | ||
| 008 | 170809s2013 ii ||||| |||| 001 0 eng d | ||
| 040 |
_aBD-DhUL _cBD-DhUL |
||
| 082 |
_a891.44 _bSES |
||
| 100 | 0 | _aসেন, অরুণ | |
| 245 | 0 |
_aসাহিত্যের বাংলাদেশ : _bউপন্যাস কবিতা নাটক / _c অরুণ সেন |
|
| 260 |
_aকলকাতা : _bএবং মুশায়েরা, _c2013. |
||
| 300 |
_a১১১ পৃ. _c; ২২ সেমি |
||
| 365 |
_aRS _b200 |
||
| 650 | 0 | _aবাংলা সাহিত্য | |
| 650 | 0 | _aBangali literature | |
| 942 |
_2ddc _cBK |
||
| 999 |
_c213253 _d213253 |
||